Y pensar que lo vi por la calle Porvenir / (Record no. 20784)

MARC details
000 -LEADER
fixed length control field 01993cam a2200481 a 4500
001 - CONTROL NUMBER
control field sjds1540840
003 - CONTROL NUMBER IDENTIFIER
control field sjds
005 - DATE AND TIME OF LATEST TRANSACTION
control field 20180524181336.0
008 - FIXED-LENGTH DATA ELEMENTS--GENERAL INFORMATION
fixed length control field 060221t20062006nyua b 000 1 spa
010 ## - LIBRARY OF CONGRESS CONTROL NUMBER
LC control number 2006005951
020 ## - INTERNATIONAL STANDARD BOOK NUMBER
International Standard Book Number 1933032073 (hardcover)
020 ## - INTERNATIONAL STANDARD BOOK NUMBER
International Standard Book Number 9781933032078 (hardcover)
020 ## - INTERNATIONAL STANDARD BOOK NUMBER
International Standard Book Number 9780606374286 ;
Terms of availability 26.95
035 ## - SYSTEM CONTROL NUMBER
System control number 1115923
035 ## - SYSTEM CONTROL NUMBER
System control number (OCoLC)64427404
035 ## - SYSTEM CONTROL NUMBER
System control number 1115923
040 ## - CATALOGING SOURCE
Original cataloging agency DLC
Transcribing agency DLC
Modifying agency BAKER
-- JJG
-- VP@
-- LNQ
-- UtOrBLW
041 1# - LANGUAGE CODE
Language code of text/sound track or separate title spa
Language code of original eng
049 ## - LOCAL HOLDINGS (OCLC)
Holding library IFAA
099 ## - LOCAL FREE-TEXT CALL NUMBER (OCLC)
Filing suffix 2006
999 ## - SYSTEM CONTROL NUMBERS (KOHA)
Koha Dewey Subclass [OBSOLETE] ESPANOL PICTURE BOOKS SEUSS 2006
100 1# - MAIN ENTRY--PERSONAL NAME
Personal name Seuss,
Titles and words associated with a name Dr.,
Relator term author.
240 10 - UNIFORM TITLE
Uniform title <a href="And to think that I saw it on Mulberry Street.">And to think that I saw it on Mulberry Street.</a>
Language of a work Spanish
245 10 - TITLE STATEMENT
Title Y pensar que lo vi por la calle Porvenir /
Statement of responsibility, etc. Dr. Seuss ; traducido por Yanitzia Canetti.
260 ## - PUBLICATION, DISTRIBUTION, ETC. (IMPRINT)
Place of publication, distribution, etc. New York :
Name of publisher, distributor, etc. Lectorum Publications,
Date of publication, distribution, etc. c2006
264 #1 - PRODUCTION, PUBLICATION, DISTRIBUTION, MANUFACTURE, AND COPYRIGHT NOTICE
Place of production, publication, distribution, manufacture New York :
Name of producer, publisher, distributor, manufacturer Lectorum Publications,
Date of production, publication, distribution, manufacture, or copyright notice [2006]
264 #4 - PRODUCTION, PUBLICATION, DISTRIBUTION, MANUFACTURE, AND COPYRIGHT NOTICE
Date of production, publication, distribution, manufacture, or copyright notice c2006
300 ## - PHYSICAL DESCRIPTION
Extent 1 volume (unpaged) :
Other physical details color illustrations ;
Dimensions 28 cm
336 ## - CONTENT TYPE
Content type term text
Content type code txt
Source rdacontent
337 ## - MEDIA TYPE
Media type term unmediated
Media type code n
Source rdamedia
338 ## - CARRIER TYPE
Carrier type term volume
Carrier type code nc
Source rdacarrier
500 ## - GENERAL NOTE
General note Tïtulo original: And to think that I saw it on Mulberry Street.
520 ## - SUMMARY, ETC.
Summary, etc. "La historia sigue a un chico llamado Marco mientras describe en una historia fantïstica creada para contïrsela a su padre al final del camino, el paisaje y sonidos de gente y vehïculos imaginarios que viajan a lo largo de la calle Mulberry"--Wikipedia.org.
520 ## - SUMMARY, ETC.
Summary, etc. A boy imagines a series of incredible sights on his way home from school so that he will have an interesting report to give his father.
526 0# - STUDY PROGRAM INFORMATION NOTE
Program name Accelerated Reader
Interest level LG
Reading level 3.7
Title point value 0.5
Public note 9002SP
546 ## - LANGUAGE NOTE
Language note Text in Spanish.
650 #0 - SUBJECT ADDED ENTRY--TOPICAL TERM
Topical term or geographic name as entry element Imagination
Form subdivision Juvenile fiction.
650 #0 - SUBJECT ADDED ENTRY--TOPICAL TERM
Topical term or geographic name as entry element Stories in rhyme
Form subdivision Juvenile literature.
650 #7 - SUBJECT ADDED ENTRY--TOPICAL TERM
Topical term or geographic name as entry element Imaginación
Form subdivision Novela juvenil.
Source of heading or term bidex
650 #7 - SUBJECT ADDED ENTRY--TOPICAL TERM
Topical term or geographic name as entry element Cuentos en rima
Form subdivision Literatura juvenil.
Source of heading or term bidex
700 1# - ADDED ENTRY--PERSONAL NAME
Personal name Canetti, Yanitzia,
Dates associated with a name 1967-
942 ## - ADDED ENTRY ELEMENTS (KOHA)
Koha item type Libro/Book
Holdings
Withdrawn status Lost status Damaged status Not for loan Home library Current library Date acquired Total Checkouts Total Renewals Barcode Date last seen Date checked out Price effective from Koha item type
        San Juan Del Sur -- Mobile Pochote 13/06/2019 5   33011967 17/10/2024 17/03/2022 13/06/2019 Libro/Book

Powered by Koha